Changing Patterns in Electoral Behaviour: Electoral Volatility in Hungary and Slovakia

Aktualizovanie poznatkov o volebných vzorcoch a volebnom správaní v Maďarsku a na Slovensku na základe údajov z posledných volieb v rokoch 2018 a 2020.

Salvato in:
Dettagli Bibliografici
Autore principale: Ondruška, Michal
Natura: Capitolo di libro
Lingua:inglese
Soggetti:
Tags: Aggiungi Tag
Nessun Tag, puoi essere il primo ad aggiungerne!!

MARC

LEADER 00000naa a2200000 4500
001 0292610
005 20230529151149.7
041 0 |a eng 
044 |a SK 
245 1 0 |a Changing Patterns in Electoral Behaviour: Electoral Volatility in Hungary and Slovakia  |c Michal Ondruška 
520 |a Aktualizovanie poznatkov o volebných vzorcoch a volebnom správaní v Maďarsku a na Slovensku na základe údajov z posledných volieb v rokoch 2018 a 2020. 
610 2 0 |a voľby 
610 2 0 |a volatilita 
610 2 0 |a Slovensko 
610 2 0 |a Maďarsko 
610 2 0 |a zmennosť 
610 2 0 |a strany politické 
610 2 0 |a politika 
610 2 0 |a nestabilita politická 
610 2 0 |a občania 
100 1 |a Ondruška, Michal